[Event "Sant Adria de Besos op-A 5th"]
[Site "Sant Adria de Besos"]
[Date "2023.08.13"]
[Round "3"]
[White "Barcelo Sola, David"]
[Black "Medina Zamora, Joan Carlos"]
[Result "1-0"]
[WhiteElo "1979"]
[BlackElo "2034"]
[PlyCount "41"]
[EventDate "2023.08.11"]
[EventType "swiss"]
[EventRounds "9"]
[EventCountry "ESP"]
[SourceTitle "EXT 2024"]
[Source "ChessBase"]
[SourceDate "2023.10.10"]
[SourceVersion "1"]
[SourceVersionDate "2023.10.10"]
[SourceQuality "1"]

1. e4 c6 2. d4 d5 3. f3 dxe4 4. fxe4 e5 5. Nf3 exd4 6. Bc4 Be6 7. Bxe6 fxe6 8. Qxd4 Nd7 9. Nc3 Qa5 10. Ng5 Be7 11. Nxe6 Bf6 12. Qc4 Ne7 13. 0-0 Rg8 14. Be3 b5 15. Qb3 b4 16. Ne2 c5 17. a3 Rb8 18. Bf4 Ne5 19. Bxe5 Bxe5 20. Rad1 Qb5 21. Nc7+ 1-0

[Event "Hostafrancs op 3rd"]
[Site "Barcelona"]
[Date "2001.09.03"]
[Round "3"]
[White "Oms Pallisse, Josep"]
[Black "Medina Zamora, Joan Carlos"]
[Result "1-0"]
[WhiteElo "2424"]
[BlackElo "2098"]
[PlyCount "39"]
[EventDate "2001.09.01"]
[EventType "swiss"]
[EventRounds "9"]
[EventCountry "ESP"]
[SourceTitle "CBM 084 Extra"]
[Source "ChessBase"]
[SourceDate "2001.10.26"]
[SourceVersion "1"]
[SourceVersionDate "2001.10.26"]
[SourceQuality "1"]

1. d4 Nf6 2. c4 g6 3. Nc3 d5 4. Bg5 Ne4 5. Nxe4 dxe4 6. Qd2 Bg7 7. e3 c5 8. d5 Qb6 9. 0-0-0 a5 10. Ne2 Bg4 11. h3 Bxe2 12. Bxe2 a4 13. a3 Na6 14. Kb1 h6 15. Bh4 g5 16. Bg3 0-0 17. f3 exf3 18. gxf3 Qb3 19. Qc2 Qxe3 20. Rd3 1-0

[Event "Martorell op-A"]
[Site "Martorell"]
[Date "1997.??.??"]
[Round "8"]
[White "Medina Zamora, Joan Carlos"]
[Black "Exposito Amaro, Josue"]
[Result "0-1"]
[WhiteElo "2095"]
[BlackElo "2020"]
[PlyCount "88"]
[EventDate "1997.09.??"]
[EventType "swiss"]
[EventRounds "9"]
[EventCountry "ESP"]
[SourceTitle "EXT 2003"]
[Source "ChessBase"]
[SourceDate "2002.11.25"]
[SourceVersion "1"]
[SourceVersionDate "2002.11.25"]
[SourceQuality "1"]

1. Nf3 Nf6 2. d4 g6 3. c4 Bg7 4. Qc2 d6 5. e4 0-0 6. Bd3 Nc6 7. a3 Bg4 8. Nbd2 Nd7 9. d5 Na5 10. Rb1 b6 11. b4 Nb7 12. Bb2 Bxb2 13. Qxb2 e5 14. h3 Bxf3 15. Nxf3 a5 16. Qd2 Nf6 17. 0-0 Nh5 18. g3 Qd7 19. Kh2 axb4 20. axb4 Ra3 21. Nh4 Rfa8 22. Rb2 Qd8 23. Ng2 Qf6 24. Be2 Ng7 25. f4 exf4 26. Qxf4 Qe7 27. Rf3 Ra1 28. Bd3 g5 29. Qd2 Qe5 30. Bb1 R8a3 31. Rbb3 Ra4 32. Ne3 h5 33. Nf5 f6 34. Nxg7 Kxg7 35. Qc2 Nd8 36. Rf5 Qe7 37. h4 Nf7 38. Qe2 Nh6 39. Rf1 Ng4+ 40. Kg1 Qe5 41. Qd2 gxh4 42. gxh4 R4a3 43. Rd3 Rxd3 44. Bxd3 Qd4+ 0-1

[Event "Martorell op-A"]
[Site "Martorell"]
[Date "1997.??.??"]
[Round "4"]
[White "Medina Zamora, Joan Carlos"]
[Black "Llacuna Roca, Josep"]
[Result "1-0"]
[WhiteElo "2095"]
[BlackElo "2005"]
[PlyCount "59"]
[EventDate "1997.09.??"]
[EventType "swiss"]
[EventRounds "9"]
[EventCountry "ESP"]
[SourceTitle "EXT 2003"]
[Source "ChessBase"]
[SourceDate "2002.11.25"]
[SourceVersion "1"]
[SourceVersionDate "2002.11.25"]
[SourceQuality "1"]

1. d4 f5 2. c4 Nf6 3. g3 e6 4. Bg2 Be7 5. Nf3 0-0 6. Nc3 c6 7. 0-0 d5 8. Qb3 a5 9. c5 h6 10. Bf4 Nbd7 11. Na4 g5 12. Be5 Ne4 13. Nb6 Nxb6 14. Qxb6 g4 15. Bc7 Qe8 16. Ne5 Ra6 17. Qb3 Nd2 18. Qe3 Nxf1 19. Qxh6 Rf6 20. Qg5+ Kh7 21. Rxf1 Rh6 22. Qe3 Qh5 23. f3 Qxh2+ 24. Kf2 Rh3 25. Nf7 Qxg3+ 26. Bxg3 Rh5 27. Rh1 Rxh1 28. Bxh1 Bd7 29. Qh6+ Kg8 30. Qg6+ 1-0

[Event "Martorell op-A"]
[Site "Martorell"]
[Date "1997.??.??"]
[Round "6"]
[White "Medina Zamora, Joan Carlos"]
[Black "Miralles Brugues, Jordi"]
[Result "1/2-1/2"]
[WhiteElo "2095"]
[BlackElo "2165"]
[PlyCount "71"]
[EventDate "1997.09.??"]
[EventType "swiss"]
[EventRounds "9"]
[EventCountry "ESP"]
[SourceTitle "EXT 2003"]
[Source "ChessBase"]
[SourceDate "2002.11.25"]
[SourceVersion "1"]
[SourceVersionDate "2002.11.25"]
[SourceQuality "1"]

1. Nf3 c5 2. c4 Nf6 3. d4 cxd4 4. Nxd4 e5 5. Nb3 d5 6. cxd5 Nxd5 7. e4 Bb4+ 8. Bd2 Bxd2+ 9. Qxd2 Nb6 10. Qxd8+ Kxd8 11. Nc3 Ke7 12. a4 a5 13. Rd1 Be6 14. Nc5 N8d7 15. Nxe6 Kxe6 16. g3 Rhd8 17. Bb5 Nc5 18. 0-0 Nb3 19. Nd5 Nxd5 20. Bc4 Nd4 21. Bxd5+ Ke7 22. f4 Nc6 23. Rc1 Rac8 24. fxe5 Nxe5 25. Bxb7 Rb8 26. Rc5 f6 27. Rb5 Rd4 28. Ra1 Rd2 29. Ra3 Rbd8 30. Bd5 Rc8 31. Rc3 Rxc3 32. bxc3 Nf3+ 33. Kf1 Nxh2+ 34. Kg1 Nf3+ 35. Kf1 Nh2+ 36. Kg1 1/2-1/2

[Event "Martorell op-A"]
[Site "Martorell"]
[Date "1997.??.??"]
[Round "1"]
[White "Picanol Alemany, Antonio"]
[Black "Medina Zamora, Joan Carlos"]
[Result "1-0"]
[WhiteElo "2355"]
[BlackElo "2095"]
[PlyCount "41"]
[EventDate "1997.09.??"]
[EventType "swiss"]
[EventRounds "9"]
[EventCountry "ESP"]
[SourceTitle "EXT 2003"]
[Source "ChessBase"]
[SourceDate "2002.11.25"]
[SourceVersion "1"]
[SourceVersionDate "2002.11.25"]
[SourceQuality "1"]

1. e4 c6 2. d4 d5 3. exd5 cxd5 4. c4 Nf6 5. Nc3 Nc6 6. Nf3 Bg4 7. cxd5 Bxf3 8. gxf3 Nxd5 9. Qb3 Nxc3 10. bxc3 Qa5 11. Bd2 Qc7 12. Rb1 Rb8 13. Rg1 g6 14. d5 Ne5 15. Qa4+ Nd7 16. Bb5 Qe5+ 17. Be3 Rd8 18. Bxd7+ Rxd7 19. Rxb7 Qxc3+ 20. Ke2 Qc8 21. Rgb1 1-0